|
|
|
|
| LEADER |
00000nab a2200000 a 4500 |
| 001 |
vtls000697602 |
| 003 |
SK-MaSNL |
| 005 |
20260304093852.0 |
| 008 |
250425c1999 xo 0 slo |
| 015 |
|
|
|a SNBRB1999/06-17795
|
| 035 |
|
|
|a CLN000049769
|
| 035 |
|
|
|a urn:nbn:sk:snk-abj10
|
| 035 |
|
|
|a (urnnbn)urn:nbn:sk:snk:ar-00411r
|
| 035 |
|
|
|a (uuid)d940d333-ce78-4ec1-8a9b-27a1f7f5b5bd
|
| 040 |
|
|
|a SNKBUCL
|b slo
|c SNKBUCL
|e AACR2
|
| 041 |
0 |
|
|a slo
|
| 044 |
|
|
|a xo
|c SK
|
| 080 |
|
|
|a 629.735.3.05:621.3
|2 1997
|
| 100 |
1 |
|
|a Adamčík, František,
|d 1956-
|4 aut
|9 316239
|
| 245 |
1 |
0 |
|a Elektroenergetický systém lietadla a jeho vývojové etapy
|c František Adamčík
|
| 300 |
|
|
|b Obr., tab.
|
| 504 |
|
|
|a Bibliogr. odkazy
|
| 650 |
0 |
7 |
|a lietadlá
|2 SNKPH
|9 4248
|
| 650 |
0 |
7 |
|a elektroenergetické systémy
|2 SNK
|9 1099995
|
| 655 |
|
7 |
|a články z novín a časopisov
|2 SNK
|9 267496
|
| 773 |
0 |
|
|t Apológia
|g Roč. 7, č. 2 (1999), s. 18-20
|x 1335-0463
|
| 850 |
|
|
|a Slovenská národná knižnica
|
| 852 |
|
|
|a Slovenská národná knižnica
|
| 954 |
|
|
|a odborná, vedecká literatúra pôvodná (slovenská)
|2 lita
|
| 958 |
|
|
|a article2022
|
| 958 |
|
|
|a NB
|
| 958 |
|
|
|a OND
|
| 958 |
|
|
|a EUIPO
|
| 992 |
|
|
|a RBX
|
| 999 |
|
|
|c 2824825
|d 2826755
|